Normal view
MARC view
- Urdu Literature (Speeches)
Entry Topical Term
001 - CONTROL NUMBER
- control field: 109688
003 - CONTROL NUMBER IDENTIFIER
- control field: NUST
005 - DATE AND TIME OF LATEST TRANSACTION
- control field: 20230301133533.0
008 - FIXED-LENGTH DATA ELEMENTS
- fixed length control field: 230301|| aca||aabn | a|a d
040 ## - CATALOGING SOURCE
- Original cataloging agency: NUST
- Transcribing agency: NUST
150 ## - HEADING--TOPICAL TERM
- Topical term or geographic name entry element: Urdu Literature (Speeches)
670 ## - SOURCE DATA FOUND
- Source citation: Work cat.: (NUST)188254: Ahmad , Mirza Fiaz 109686, Guldasta-e- Taqareer /, 2009
